Central Library OPAC University of Rajshahi

সাহিত্য শিল্প / (Record no. 39147)

MARC details
000 -LEADER
fixed length control field 00910nam a2200241 a 4500
001 - CONTROL NUMBER
control field 39147
003 - CONTROL NUMBER IDENTIFIER
rucl marc code BD-RjUL
005 - DATE AND TIME OF LATEST TRANSACTION
control field 20211209052928.0
008 - FIXED-LENGTH DATA ELEMENTS--GENERAL INFORMATION
fixed length control field 160405s1999 b ||||e |||| 000 0 ben d
020 ## - INTERNATIONAL STANDARD BOOK NUMBER
International Standard Book Number 9845600808
Terms of availability TK.70.00
035 ## - SYSTEM CONTROL NUMBER
System control number (BD-RjUL) 39259
040 ## - CATALOGING SOURCE
Original cataloging agency BD-RjUL
Language of cataloging ben
Transcribing agency BD-RjUL
041 ## - LANGUAGE CODE
Language code of text/sound track or separate title ben
082 ## - DEWEY DECIMAL CLASSIFICATION NUMBER
Edition number 23
Author mark and year GHS 1999
Classification number 891.44
100 ## - MAIN ENTRY--PERSONAL NAME
Personal name ঘোষ, মনোমোহন
9 (RLIN) 120783
245 10 - TITLE STATEMENT
Title সাহিত্য শিল্প /
Statement of responsibility, etc. মনোমোহন ঘোষ ; প্রণব চৌধুরী, সম্পাদনা
260 ## - PUBLICATION, DISTRIBUTION, ETC. (IMPRINT)
Place of publication, distribution, etc. ঢাকা :
Name of publisher, distributor, etc. জাতীয় গ্রন্থ প্রকাশন,
Date of publication, distribution, etc. ১৯৯৯.
300 ## - PHYSICAL DESCRIPTION
Pagination ১১২ পৃ.;
Size ২২ সেমি.
650 ## - SUBJECT ADDED ENTRY--TOPICAL TERM
Topical term or geographic name as entry element বাংলা সাহিত্য
9 (RLIN) 120784
Topical term or geographic name as entry element Bengali Literature
9 (RLIN) 120785
700 ## - ADDED ENTRY--PERSONAL NAME
Personal name চৌধুরী, প্রণব
942 ## - ADDED ENTRY ELEMENTS (KOHA)
Source of classification or shelving scheme Dewey Decimal Classification
Koha item type Books
Holdings
Lost status Source of classification or shelving scheme Damaged status Not for loan Collection code Permanent Location Current Location Shelving location Date acquired Source of acquisition Cost, normal purchase price Total Checkouts Full call number Date last seen Copy number Koha item type Date checked out
  Dewey Decimal Classification   Not For Loan Non-fiction Central Library, University of Rajshahi Central Library, University of Rajshahi Reading Room 30/07/2013 Jatiya Shitya Prakash, Dhaka 70.00   B 891.44 GHS 1999 05/04/2016 C-1 Books  
  Dewey Decimal Classification     Non-fiction Central Library, University of Rajshahi Central Library, University of Rajshahi   30/07/2013 Jatiya Shitya Prakash, Dhaka 70.00   B 891.44 GHS 1999 05/04/2016 C-2 Books  
  Dewey Decimal Classification     Non-fiction Central Library, University of Rajshahi Central Library, University of Rajshahi   30/07/2013 Jatiya Shitya Prakash, Dhaka 70.00 1 B 891.44 GHS 1999 13/01/2020 C-3 Books 05/11/2019